<?xml version="1.0" encoding="UTF-8"?><?xml-stylesheet type="text/xsl" href="static/style.xsl"?><OAI-PMH xmlns="http://www.openarchives.org/OAI/2.0/" xmlns:xsi="http://www.w3.org/2001/XMLSchema-instance" xsi:schemaLocation="http://www.openarchives.org/OAI/2.0/ http://www.openarchives.org/OAI/2.0/OAI-PMH.xsd"><responseDate>2026-04-27T19:46:56Z</responseDate><request verb="GetRecord" identifier="oai:uvadoc.uva.es:10324/4018" metadataPrefix="marc">https://uvadoc.uva.es/oai/request</request><GetRecord><record><header><identifier>oai:uvadoc.uva.es:10324/4018</identifier><datestamp>2021-07-06T08:47:56Z</datestamp><setSpec>com_10324_38</setSpec><setSpec>col_10324_852</setSpec></header><metadata><record xmlns="http://www.loc.gov/MARC21/slim" xmlns:doc="http://www.lyncode.com/xoai" xmlns:xsi="http://www.w3.org/2001/XMLSchema-instance" xmlns:dcterms="http://purl.org/dc/terms/" xsi:schemaLocation="http://www.loc.gov/MARC21/slim http://www.loc.gov/standards/marcxml/schema/MARC21slim.xsd">
<leader>00925njm 22002777a 4500</leader>
<datafield tag="042" ind1=" " ind2=" ">
<subfield code="a">dc</subfield>
</datafield>
<datafield tag="720" ind1=" " ind2=" ">
<subfield code="a">García González, Leticia</subfield>
<subfield code="e">author</subfield>
</datafield>
<datafield tag="260" ind1=" " ind2=" ">
<subfield code="c">2013</subfield>
</datafield>
<datafield tag="520" ind1=" " ind2=" ">
<subfield code="a">El presente Trabajo de Fin de Grado consiste en una propuesta de intervención educativa en la que se explica la importancia y utilidad de la interdisciplinariedad en las clases de Educación Física, así como sus posibilidades, limitaciones y análisis del comportamiento docente frente a su introducción en el aula. Se presentan una serie de actividades interdisciplinares relacionadas con otras áreas de conocimiento que se trabajarán a través del cuaderno de campo diseñado, pieza fundamental en este trabajo. El objetivo de muchas de estas actividades ha de conseguirse mediante la acción motriz y en contacto con la naturaleza a través de la práctica del senderismo, lo que puede hacer que esos contenidos sean más motivantes y novedosos para el alumnado, a la vez que se establecen conexiones y relaciones de conocimientos, habilidades, hábitos, normas de conducta, sentimientos y valores morales humanos en general.</subfield>
</datafield>
<datafield tag="024" ind2=" " ind1="8">
<subfield code="a">http://uvadoc.uva.es/handle/10324/4018</subfield>
</datafield>
<datafield ind1=" " ind2=" " tag="653">
<subfield code="a">[Pendiente de asignar]</subfield>
</datafield>
<datafield tag="245" ind1="0" ind2="0">
<subfield code="a">Interdisciplinariedad y Educación Física en el Medio Natural: Una propuesta de senderismo</subfield>
</datafield>
</record></metadata></record></GetRecord></OAI-PMH>